| 000 | 00840nam a2200277 a 4500 | ||
|---|---|---|---|
| 001 | 51572 | ||
| 003 | BD-RjUL | ||
| 005 | 20211209075700.0 | ||
| 008 | 700330s1969 stka b 001 0 eng | ||
| 020 | _a0050016741 | ||
| 035 | _a(BD-RjUL) 51692 | ||
| 035 | _a(OCoLC)00071653 | ||
| 035 | _aGLIS00560929 | ||
| 040 |
_aDLC _cDLC _dm.c. _dBD-RjUL _beng |
||
| 041 | _aeng | ||
| 082 |
_223 _a590.72 _bHOB 1969 |
||
| 100 | 1 |
_aHolman, H. H. _q(Howard Henry) _9154149 |
|
| 245 | 1 | 0 |
_aBiological research method : _bpractical statistics for non-mathematicians _c H. H. Holman. |
| 250 | _a2nd ed. | ||
| 260 |
_aEdinburgh : _bOliver & Boyd, _c1969. |
||
| 300 |
_aviii, 272 p. : _bill. ; _c22 cm. |
||
| 504 | _aIncludes bibliographies & index | ||
| 650 | 0 |
_aBiology _xMethodology. _9153754 |
|
| 650 | 0 |
_aBiometry. _vRsearch _9154150 |
|
| 942 |
_2ddc _cBK |
||
| 999 |
_c51572 _d51572 |
||